01016 2200181 4500001002100000005001500021035002000036245004200056100001200098250001700110300003300127260003500160082000800195084001400203020002200217650001800239520057700257INLIS00000000000092320250317104844 a0010-03250000191 aSi Tukik Kesayangan Annisa /cPermadi0 aPermadi acetakan ke-1 avii, 58 hlm :bilus ;c29 cm aJakarta :bGaneca Exact,c2007 a813 a813 PER s a978-979-744-342-6 4aCerita Pendek aDalam suatu perjalanan ke sebuah bukit, seorang anak perempuan beru-mur 10 tahun bernama Annisa, menemukan seekor anak burung yang masih merah di balik semak. Anak burung itu kemudian dipelihara dengan telaten oleh Annisa dan keluarganya sehingga menjadi besar. Ternyata, burung itu dari jenis beo. Burung itu diberi nama Si Tukik. Berbagai kejadian dan peristiwa dialami oleh keluarga Annisa. Bahkan, beo yang bernama si Tukik itu pun diincar pencuri. Peristiwa yang paling mengharukan bagi keluarga Annisa adalah ketika si Tukik harus dikembalikan ke habitatnya.